| 000 -CABECERA |
| Longitud fija campo de control |
00943nam a22002177a 4500 |
| 003 - IDENTIFICADOR DEL NÚMERO DE CONTROL |
| Identificador del número de control |
OSt |
| 005 - FECHA Y HORA DE LA ÚLTIMA TRANSACCIÓN |
| Fecha y hora de la última transacción |
20150512171836.0 |
| 008 - CÓDIGOS DE INFORMACIÓN DE LONGITUD FIJA |
| Códigos de información de longitud fija |
010403s1971 spc|||||| 000 ||spa|d |
| 017 ## - NÚMERO DE COPYRIGHT O DE DEPÓSITO LEGAL |
| Número de copyright o de depósito legal |
DL B. 42228-1971 |
| 040 ## - FUENTE DE LA CATALOGACIÓN |
| Lengua de catalogación |
cat |
| Centro transcriptor |
CDMR |
| 245 04 - MENCIÓN DE TÍTULO |
| Título |
Los Documentos del Pentágono |
| Resto del título |
: tal como han sido publicados por The New York Times |
| Mención de responsabilidad, etc. |
textos de Neil Sheehan ... [et al.] ; artículos y documentos recopilados por Gerald Gold, Allan M. Siegal y Samuel Abt ; [traducción de Ana Ma. de la Fuente ... [et al.]] |
| 260 ## - PUBLICACIÓN, DISTRIBUCIÓN, ETC. (PIE DE IMPRENTA) |
| Lugar de publicación, distribución, etc. |
Esplugas de Llobregat |
| Nombre del editor, distribuidor, etc. |
Plaza & Janés |
| Fecha de publicación, distribución, etc. |
DL 1971 |
| 500 ## - NOTA GENERAL |
| Nota general |
Documents presentats tal com van ser publicats per The New York Times |
| 500 ## - NOTA GENERAL |
| Nota general |
Tít. orig.: The Pentagon papers |
| 650 04 - PUNTO DE ACCESO ADICIONAL DE MATERIA - TÉRMINO DE MATERIA |
| Término de materia o nombre geográfico como elemento inicial |
Guerra del Vietnam, 1954-1975 |
| Subdivisión de materia general |
Fonts |
| 650 04 - PUNTO DE ACCESO ADICIONAL DE MATERIA - TÉRMINO DE MATERIA |
| Término de materia o nombre geográfico como elemento inicial |
Reportatges literaris |
| 9 (RLIN) |
797 |
| 651 #4 - PUNTO DE ACCESO ADICIONAL DE MATERIA - NOMBRE GEOGRÁFICO |
| Nombre geográfico |
Estats Units d'Amèrica |
| Subdivisión de materia general |
Política i govern |
| Subdivisión cronológica |
1945-1989 |
| Subdivisión de materia general |
Fonts |
| 700 1# - PUNTO DE ACCESO ADICIONAL - NOMBRE DE PERSONA |
| Nombre de persona |
Sheehan, Neil |
| 700 1# - PUNTO DE ACCESO ADICIONAL - NOMBRE DE PERSONA |
| Nombre de persona |
Gold, Gerald |
| 942 ## - ENTRADA DE ELEMENTOS AGREGADOS (KOHA) |
| Koha [por defecto] tipo de item |
Monografies |
| Fuente de clasificaión o esquema |
|